| 000 | 00348 a2200157 4500 | ||
|---|---|---|---|
| 001 | 57360 | ||
| 020 | _a | ||
| 040 | _cAnchieta - Pituba | ||
| 100 | _aSanto, Antônio Carlos do Espírito | ||
| 240 | 1 | 0 |
_aA farra dos bonecos _lpor |
| 245 | 1 | 0 | _aA farra dos bonecos |
| 300 | _a73 | ||
| 362 | 0 | _a1995 | |
| 650 | 4 | _aLiteratura juvenil | |
| 942 | _cBK | ||
| 999 |
_c57360 _d57360 |
||